000 00614cam a2200205 a 4500
001 1160832
005 20250821144105.0
008 960117s1996 mnu b 001 0 eng
020 _a1556617046
_qpbk.
020 _a9781556617041
_q(pbk.)
050 0 0 _aBL87
_b.C66 1996
082 0 0 _a291
_220
245 0 4 _aThe compact guide to world religions /
_cDean Halverson, general editor.
260 _aMinneapolis, Minn. :
_bBethany House Publishers,
_cc1996.
300 _a272 p. ;
_c22 cm.
650 0 _aReligions.
650 0 _aChristianity and other religions.
700 1 _aHalverson, Dean C.
942 _2lcc
_cBK
_n0
999 _c7327
_d7327